00616nam a2200145 a 4500008004100000050001800041110002300059245008000082260004100162300001500203650002600218995008500244999001700329952012400346140520s2009 ||||||||||||||||| || u aEUROFRUIT(05) aEurofruit Magazine10aTrade South Africa 2009: a publication of Eurofruit magazinecby Eurofruit  aCape Town:bEurofruit Magazinec2009 a32p.: ill. aFRUITS-- SOUTH AFRICA FCBU-MAIN LIBRARY (Kitwe)M1UAVAILABLEWMay 20, 2014ZInternational Publications c60223d60223 00102lcc4070a001b001cInternational Publicationsd2022-11-30l0oEUROFRUIT(05)pB1368r2022-11-30w2022-11-30y002